000 00471nam a2200181Ia 4500
001 11242
005 20260306161932.0
008 260306t2017||||xx |||||||||||||| ||spa||
041 _aESP
082 _a985.019
_bV933
100 _aVega-Centeno Sara-Lafosse, Rafael
_eAUT
245 0 _aRepensar el antiguo Perú:
_baportes desde la arqueología
260 _c2017
300 _a585 páginas :
_c23 cm.
650 _aGEN
654 _aCHU
942 _cLIB
_dJUS
_fJUS
_2ddc
_n
999 _c11242
_d11242